000 00714nam a2200193 a 4500
005 20251203143413.0
008 030808s1978 ch r 000 0 spa d
035 _aUPN01000127654
049 _aCG
050 4 _aT93
_bM3.2
100 1 _aMagendzo, Abraham
_929097
245 1 0 _aChile /
_cAbraham Magendzo y Nancy Barra.
260 _aSantiago de Chile :
_bUNESCO, Oficina Regional de Educación para América Latina y el Caribe,
_c1978.
300 _av, 86 p. :
_bil.
500 _av.3 de: Estudios de cambios e innovaciones en la educación técnica y la formación profesional en América Latina y el Caribe
650 4 _aEnseñanza técnica
_zChile
_921026
700 1 _aBarra, Nancy,
_ecoaut.
905 _aLibro
999 _c99833
_d99833